000 00604nam a2200217 a 4500
005 20210219153253.0
008 991125n 000 0 eng u
035 _aUPN01000087740
100 _aMURNANE, Richard J.
222 _aHARVARD EDUCATIONAL REVIEW
245 _aMerit pay end the evaluation problem: why most merit pay plans fail and afew survive
260 _aMASSACHUSETTS
300 _a1-17
362 _a1986 56, no. 1, feb.
653 0 _aEDUCACION PUBLICA
653 0 _aMAESTROS
653 0 _aSALARIOS
700 _aCOHEN, David K.
904 _aAC
_b025551
905 _aArticulo
999 _c72684
_d72684